| 000 | 01065nas a2200301 4500 | ||
|---|---|---|---|
| 001 | BR8901058 | ||
| 003 | BR-BrBNA | ||
| 005 | 20231205091453.0 | ||
| 007 | ta | ||
| 008 | 230509b bl.|||p| |||| 00| 00por d | ||
| 040 |
_aBR-BrBNA _bpor _cBiblioteca Nacional de Agricultura |
||
| 041 | _a(Pt) | ||
| 072 | _aF03 | ||
| 100 | 1 | _aDelachiave, M.E.A. | |
| 100 | 1 | _aRodrigues, J.D. | |
| 100 | 1 | _aMoraes, J.A.P.V. de | |
| 100 | 1 | _aPedras, J.F. | |
| 100 | 1 | _aRodrigues, S.D. | |
| 100 | 1 | _aBoaro, C.S.F. | |
| 245 | 1 |
_aGerminacao de sementes de Styhosanthes guianensis, 1: embebicao e germinacao relacionadas com pericarpo aderido as sementes _bParte de tese |
|
| 246 | 1 |
_aSeed germination of Stylosanthes guianensis, 1: imbibition and germination related to the adherent pericarp of the seeds _bPart of thesis |
|
| 650 | _aSTILOSANTE | ||
| 650 | _aSEMENTE | ||
| 650 | _aGERMINACAO | ||
| 773 | 0 |
_tRevista de Agricultura (Brazil) _xISSN 0034-7655 _g(Oct 1988), v. 63(2) p. 179-188 _wBR8901058 |
|
| 909 |
_a202311 _bLúcia _c55 _dLúcia Elande |
||
| 942 |
_2AGRIS _n0 _cANA |
||
| 999 |
_c125306 _d125306 |
||